[Event "Moscow City Team-ch"]
[Site "Moscow"]
[Date "2021.09.14"]
[Round "4"]
[White "Gukhman, Sergey"]
[Black "Semenychev, Alexandr"]
[Result "1-0"]
[WhiteElo "1915"]
[BlackElo "2124"]
[PlyCount "155"]
[EventDate "2021.09.11"]
[EventType "team-swiss"]
[EventRounds "7"]
[EventCountry "RUS"]
[SourceTitle "EXT 2022"]
[Source "ChessBase"]
[SourceDate "2021.10.06"]
[SourceVersion "1"]
[SourceVersionDate "2021.10.06"]
[SourceQuality "1"]

1. Nf3 d5 2. g3 c5 3. Bg2 Nc6 4. d4 Nf6 5. 0-0 e6 6. c4 a6 7. cxd5 exd5 8. Nc3 Be7 9. dxc5 h6 10. Na4 Bf5 11. b3 Qa5 12. Bd2 Qb5 13. Rc1 Ne4 14. Nb6 Nxd2 15. Nxa8 Nxf3+ 16. exf3 Qa5 17. Qxd5 Be6 18. b4 Bxd5 19. bxa5 0-0 20. Nb6 Be6 21. f4 Nxa5 22. Rfe1 Bf6 23. Bd5 Bf5 24. Nc4 Nxc4 25. Rxc4 Rb8 26. Be4 Bd7 27. a4 b5 28. axb5 Bxb5 29. Rcc1 Rc8 30. c6 Rc7 31. Bf5 Kf8 32. Bd7 Be7 33. Re3 g5 34. fxg5 hxg5 35. Rce1 Bb4 36. Re8+ Kg7 37. R1e5 f6 38. Rxb5 axb5 39. Rb8 Bd6 40. Rxb5 Ra7 41. Rb7 Ra1+ 42. Kg2 Rc1 43. Bf5+ Kf8 44. Be4 Rc5 45. Rd7 Be5 46. Rd2 Rc4 47. f3 Bc7 48. Kh3 f5 49. Bxf5 Rxc6 50. Kg4 Bb6 51. Rd3 Rh6 52. h3 Rc6 53. Kxg5 Bc5 54. g4 Be7+ 55. Kf4 Rh6 56. Kg3 Bh4+ 57. Kg2 Rb6 58. f4 Rb2+ 59. Kf3 Rf2+ 60. Ke4 Re2+ 61. Re3 Rb2 62. g5 Bf2 63. Rd3 Rb4+ 64. Kf3 Bb6 65. Kg4 Bc7 66. Rf3 Kg7 67. h4 Rb2 68. h5 Rg2+ 69. Rg3 Rf2 70. h6+ Kh8 71. Rf3 Rg2+ 72. Kh5 Rh2+ 73. Kg6 Rd2 74. Be6 Bxf4 75. Rxf4 Rf2 76. Kf5 Rd2 77. Kf6 Rd8 78. Rc4 1-0

[Event "Moscow City Team-ch"]
[Site "Moscow"]
[Date "2021.09.11"]
[Round "1"]
[White "Semenychev, Alexandr"]
[Black "Khlypovka, Stepan"]
[Result "1-0"]
[WhiteElo "2124"]
[BlackElo "1725"]
[PlyCount "65"]
[EventDate "2021.09.11"]
[EventType "team-swiss"]
[EventRounds "7"]
[EventCountry "RUS"]
[SourceTitle "EXT 2022"]
[Source "ChessBase"]
[SourceDate "2021.10.06"]
[SourceVersion "1"]
[SourceVersionDate "2021.10.06"]
[SourceQuality "1"]

1. e4 c6 2. d4 d5 3. exd5 cxd5 4. c4 Nf6 5. Nc3 Nc6 6. Bf4 e6 7. c5 a6 8. a3 b6 9. b4 Bb7 10. Nf3 Be7 11. Bd3 0-0 12. 0-0 Nd7 13. Re1 Bf6 14. Na4 b5 15. Nc3 Re8 16. Ra2 g6 17. Bb1 Rc8 18. Rae2 Na7 19. Ba2 Nb8 20. a4 Bc6 21. Qd2 bxa4 22. Ne5 Bb5 23. Re3 Nbc6 24. Rf3 Nxe5 25. dxe5 Be7 26. Bh6 Qd7 27. Nxd5 exd5 28. Bxd5 Bf8 29. Bxf8 Re6 30. Bd6 Rce8 31. Qh6 Bc6 32. Bxe6 Rxe6 33. Qf8# 1-0